The Christmas Event: Les pays qui fête le plus Noël - Languages Update - Statistiques

Statistiques générales
  • Ce quiz a été pris 14 fois
  • Le résultat moyen est 3 sur 6
Statistiques - réponses
Pays % Correct
Chine
100%
Japon
91%
Afrique du Sud
64%
Taïwan
55%
Erythree
18%
Ethiopie
18%
Aucun quiz correspondant
Distribution des résultats
% des personnes avec chaque résultat
Percentile par nombre de réponses
Votre historique - résultats
Vous n’avez pas pris ce quiz